Pokémon - Bonne orthographe (Génération 3) - Statistiques

Statistiques générales
  • Ce quiz a été pris 12 fois
  • Le résultat moyen est 20 sur 25
Statistiques - réponses
Question Réponse % Correct
Quelle est l'orthographe correcte ? Coquiperl
100%
Quelle est l'orthographe correcte ? Hariyama
100%
Quelle est l'orthographe correcte ? Lumivole
100%
Quelle est l'orthographe correcte ? Téraclope
100%
Quelle est l'orthographe correcte ? Vigoroth
100%
Quelle est l'orthographe correcte ? Avaltout
92%
Quelle est l'orthographe correcte ? Laggron
92%
Quelle est l'orthographe correcte ? Méditikka
92%
Quelle est l'orthographe correcte ? Mysdibule
92%
Quelle est l'orthographe correcte ? Regirock
92%
Quelle est l'orthographe correcte ? Anorith
83%
Quelle est l'orthographe correcte ? Milobellus
83%
Quelle est l'orthographe correcte ? Papinox
83%
Quelle est l'orthographe correcte ? Ramboum
83%
Quelle est l'orthographe correcte ? Séviper
83%
Quelle est l'orthographe correcte ? Vacilys
83%
Quelle est l'orthographe correcte ? Chamallot
75%
Quelle est l'orthographe correcte ? Chenipotte
75%
Quelle est l'orthographe correcte ? Drackhaus
75%
Quelle est l'orthographe correcte ? Grainipiot
75%
Quelle est l'orthographe correcte ? Lilia
75%
Quelle est l'orthographe correcte ? Kecleon
67%
Quelle est l'orthographe correcte ? Cacnea
50%
Quelle est l'orthographe correcte ? Medhyèna
50%
Quelle est l'orthographe correcte ? Bekipan
25%
Aucun quiz correspondant
Distribution des résultats
% des personnes avec chaque résultat
Percentile par nombre de réponses
Votre historique - résultats
Vous n’avez pas pris ce quiz